| 000 | 00610cam a2200217 4500500 | ||
|---|---|---|---|
| 005 | 20260405002842.0 | ||
| 041 | _afre | ||
| 042 | _adc | ||
| 100 | 1 | 0 |
_aTenaillon, Nicolas _eauthor |
| 245 | 0 | 0 | _aLa Dernière Étreinte |
| 260 | _c2018. | ||
| 500 | _a21 | ||
| 690 | _aAnimaux | ||
| 690 | _aEmotions | ||
| 690 | _aÉthologie | ||
| 690 | _aFrans de Waal | ||
| 690 | _aPrimates | ||
| 690 | _aSinges | ||
| 786 | 0 | _nPhilosophie magazine | 125 | 12 | 2018-12-01 | p. 41-41 | 1951-1787 | |
| 856 | 4 | 1 | _uhttps://shs.cairn.info/magazine-philosophie-magazine-2018-12-page-41?lang=fr&redirect-ssocas=7080 |
| 999 |
_c2061741 _d2061741 |
||